000 00605nam2a22002171 4500
001 RU\NLR\A1SV\145634
005 20251214192807.0
035 _a(NLR Aleph) 011240218
090 _a13492617
_c13492617
100 _a20160915d1929 u y0rusy50 ca
101 0 _arus
200 0 _aВып.9
210 _d1929
215 _a48 с.
461 1 _1001RU\NLR\A1SV\64408
_12000#$vВып.9
_99962163
_cМ.
_d1924-1932
_fВКП(б). ЦК ВКП(б). Стат. отд.
_tРКП(б) в цифрах
_vВып.9
801 0 _aRU
_bNLR
_c20160915
852 _aNLR
942 _cBOOK
980 _aA1SV
980 _aNB